000 01248nam0a22003491 4500
001 RU\NLR\INFOCOMM_116\5000062455
005 20250613090923.0
035 _a(NLR Aleph) 009084851
090 _a8005058
_c8005058
100 _a20081210d1980 |||y0rusy50 ca
101 0 _aeng
102 _aRU
105 _aa z|||000zy
181 0 _ai
_baxxe
182 0 _an
200 1 _aDetermination of the meson wave function using the cross section of its isolated inclusive production
_fV. N. Baier and A. G. Grozin
203 _aТекст
_bвизуальный
_cнепосредственный
210 _aНовосибирск
_c[s.n.]
_d1980
215 _a11 с.
_cил.
_d20 см
225 1 _aПрепринт
_fСибир. отд-ние АН СССР, Ин-т ядер. физики
_v80-156
320 _aБиблиогр.: с. 9
606 _aМезоны
_xВолновые функции
_2nlr_sh1
686 _aВ382.145
_2rubbk
700 1 _6z01790
_aBajer
_bV. N.
_gVladimir Nikolaevič
_4070
701 1 _aGrozin
_bA. G.
_gAndrej Gennad'evič
_4070
790 1 _6z01700
_aBaier
_bV. N.
_4070
801 1 _aRU
_bNLR
_c20081210
801 0 _aRU
_bNLR
_gPSBO
852 _aNLR
_jФз01 Д-4/1587
942 _cBOOK
980 _aNB